000 01016cab a2200289 4500
001 ABS43936
008 090401t1991 xxu||||| |||| 00| 0 eng d
035 _a(Sirsi) u44361
041 _aeng
245 _aKent
260 _c1991
350 _a0
490 _aEstates Times
_v(1079) 18 January 1991, 17-37(15)
520 _aThis Estates Times Survey on Kent examines the implications of the Channel Tunnel for the county`s economy , profile s the successful Kentish developer NMC Estates and reviews office , retail and industrial market s in the following centres: Dartford , Medway and Weald towns, Maidstone , Canterbury , Folkestone and Dover and Ashford .
650 _aCHATHAM
650 _aDEVELOPMENT
650 _aGILLINGHAM
650 _aROCHESTER
650 _aSEVENOAKS
650 _aSTROOD
650 _aTONBRIDGE
650 _aTUNBRIDGE WELLS
650 _aWEST MALLING
690 _aPROPERTY-COMMERCIAL PROPERTY-COMMERCIAL PROPERTY MARKET
942 _n0
948 _c04/03/1997
999 _c28246
_d28246